History Quiz

Random History or Famous Quiz
Score 0/20 Timer 04:00
1 Play Today
Question Answer Wrong Answers
Which famous Italian polymath created the 'Vitruvian Man' and painted 'The Last Supper' and the 'Mona Lisa'? Leonardo da Vinci
94.7%
Donatello
0.4%
Sandro Botticelli
0.4%
Michelangelo
3.9%
Which Italian led an expedition to the west and 'discovered' America in 1492? Christopher Columbus
87.8%
Amerigo Vespucci
7.1%
Marco Polo
3.2%
John Cabot
0.5%
Which Florentine statesman presided over the Golden Age of Florence in the 15th century? Lorenzo de' Medici
84.9%
Ludovico Ariosto
2.3%
Niccoló da Conti
4.6%
Girolamo Savonarola
2.5%
Which famous Italian from Como invented the battery? Alessandro Volta
83.1%
Evangelista Torricelli
2.3%
Giulio Natta
1.3%
Enrico Fermi
9%
Which Italian pioneered long-distance radio-transmission and is often credited for inventing the radio? Guglielmo Marconi
81.6%
Luigi Galvani
6.9%
Eugenio Barsanti
2.7%
Cesare Lombroso
3.4%
Which Italian author wrote 'The Prince' in the 16th century? Niccolò Machiavelli
81.1%
Torquato Tasso
2.1%
Giovanni Boccaccio
5.2%
Dante Alighieri
8.6%
Which world-famous Italian tenor passed away in 2007? Luciano Pavarotti
78.6%
Mario Del Monaco
1.5%
Andrea Bocelli
7.3%
Enrico Caruso
6.1%
Which Italian actor and director won the 1999 Academy Award for Best Actor for his starring role in the comedy-drama 'Life Is Beautiful'? Roberto Benigni
70.4%
Terence Hill
3.8%
Marcello Mastroianni
11.9%
Christian De Sica
4.2%
Which modern Italian author wrote 'The Name of the Rose'? Umberto Eco
69.4%
Italo Calvino
8.3%
Andrea Camilleri
11.9%
Dario Fo
5%
Which Italian woman from the 14th century was made one of the patron saints of Italy? Catherine of Siena
67.2%
Trotula of Salerno
3.6%
Dorotea Bucca
2.8%
Isabella de' Medici
19.2%
Which Italian historical figure led the Expedition of the Thousand to help unify Italy in 1860? Giuseppe Garibaldi
67%
Giuseppe Mazzini
7.3%
Victor Emmanuel II
13.3%
Camillo Benso Conte Di Cavour
5.6%
Which Italian film director pioneered the 'Spaghetti Western' genre? Sergio Leone
65.2%
Pier Paolo Pasolini
4.1%
Michelangelo Antonioni
4.7%
Federico Fellini
22.1%
Which Italian composer of the 19th century produced famous works such as 'La Traviata', 'Rigoletto,' and 'Aida'? Giuseppe Verdi
61.1%
Giacomo Puccini
20.6%
Vincenzo Bellini
3.6%
Gioachino Rossini
6.9%
Which Italian actress became the oldest Bond girl when she appeared in 2015's 'Spectre'? Monica Bellucci
55.2%
Sophia Loren
27.7%
Virna Lisi
5.2%
Asia Argento
3.9%
Which Italian politician was murdered by the Red Brigades in March 1978? Aldo Moro
41.4%
Bettino Craxi
8.5%
Giulio Andreotti
20%
Benito Mussolini
19.2%
Which Italian won the first ever Formula 1 World Championship in 1950? Giuseppe 'Nino' Farina
40.9%
Riccardo Patrese
8.3%
Alberto Ascari
24.5%
Giancarlo Fisichella
15.8%
Which Italian writer created a unified Italian language in the 19th century while writing his masterpiece 'The Betrothed'? Alessandro Manzoni
39.1%
Italo Svevo
11.8%
Giovanni Verga
26.9%
Carlo Collodi
12.4%
Which Italian architect designed the Sagrestia Vecchia and the Florence Cathedral dome during the 15th century? Filippo Brunelleschi
37.8%
Francesco Borromini
7%
Gian Lorenzo Bernini
22%
Raphael
27%
Which Italian scientist won the Nobel prize in 1986 for her joint-discovery in nerve growth factor (NGF)? Rita Levi-Montalcini
35.2%
Margherita Hack
9.1%
Laura Bassi
24.4%
Maria Montessori
23.4%
Which 1959 Nobel Prize-winning Italian poet is one of the greatest exponents of the 'hermetic' period? Salvatore Quasimodo
19.3%
Giosué Carducci
22.3%
Giacomo Leopardi
25.8%
Dario Fo
23.4%
Remove Ads.
Support Sporcle.
Get the best of Sporcle when you Go Orange. This ad-free experience offers more features, more stats, and more fun while also helping to support Sporcle. Thank you for becoming a member.

You're not logged in!

Compare scores with friends on all Sporcle quizzes.
OR
Log In

Sporcle TV

Today on Sporcle TV


Watch our educational content, quiz creation guides, and fun videos on Sporcle TV.

Show Comments

Extras

Top Quizzes Today


Score Distribution

Paid Content

Your Account Isn't Verified!

In order to create a playlist on Sporcle, you need to verify the email address you used during registration. Go to your Sporcle Settings to finish the process.

Report this User

Report this user for behavior that violates our Community Guidelines.

Details: